¿Puedes identificar los mapas de los estados mexicanos? - Estadísticas

Estadísticas generales
  • Esta prueba ha sido intentada 12 veces
  • La puntuación promedio es 6 de 8
Estadísticas de respuestas
Pregunta Respuesta % Correcto
¿Que mapa muestra el estado de Chihuahua?
83%
¿Que mapa muestra el estado de Chiapas?
83%
¿Qué mapa muestra el estado de Nuevo León?
83%
¿Que mapa muestra el estado de San Luis Potosí?
83%
¿Que mapa muestra el estado de Tamaulipas?
83%
¿Que mapa muestra el estado de Quintana Roo?
67%
¿Qué mapa muestra el estado de Baja California?
67%
¿Qué mapa muestra el estado de Querétaro?
50%
No se encontraron pruebas coincidentes
Distribución de puntuación
Porcentaje de gente con cada puntuación
Porcentaje por número respondido
Historial de tus puntuaciones
No has intentado esta prueba.